00594pam a2200217 a 4500001000800000005001700008008004100025010001700066020002800083040002300111041000800134060001600142080001600158082002000174100000600194101000800200245009400208906004500302942001200347999001700359243735020171220042707.0880607s1989 nyua 001 0 eng c a 88019551  a019504357X (alk. paper) aDNLM/DLCcDLCdDLC aeng aWL 17 D285s a611..81 STE00a611..81 STE2191 a7 aSHM10aStructure of the human brain :cStephen J. DeArmond, Madeline M. Fusco, Maynard M. Dewey. a7bcbccorignewd1eocipf19gy-gencatlg 2ddccBK c39203d39203